000 01298nam a22003497a 4500
003 CHAP
005 20220329134918.0
008 971013s1973 r 00010 d
010 _a27944
011 _a28916
035 _a33027
040 _cCHAP
090 _aTesis
100 0 0 _aKleen Megías, Federico.
_963418
245 _aEstudio de la redituabilidad de la inversión y amortización de crédito en el cultivo de variedades mejoradasde aguacate para la zona centro del estado Nuevo León
260 _aMonterrey, N. L. :
_bEl autor,
_c1973
300 _a71 h. mapa
502 _aTesis (Ing. Agr. Administrador) -- ITESM. División de Ciencias Agropecuarias y Marítimas
590 _aALEPH
_b10
_c20130110
_lUCH01
_h1249
590 _aBATCH-UPD
_b10
_c20130109
_lUCH01
_h2353
590 _aBATCH-UPD
_b10
_c20130110
_lUCH01
_h2230
590 _aBATCH-UPD
_b10
_c20130409
_lUCH01
_h1926
590 _aBATCH-UPD
_b10
_c20130410
_lUCH01
_h1525
590 _aBATCH-UPD
_b10
_c20130913
_lUCH01
_h2254
590 _aBATCH-UPD
_b10
_c20130914
_lUCH01
_h1853
590 _aCONVERSION
_b10
_c20130109
_lUCH01
_h1316
650 1 4 _aAguacate
_xAspectos económicos.
_92493
650 1 4 _aCrédito agrícola
_xNuevo León.
_929071
901 _aBK
942 _cTESIS
949 _bBC
_cTES
_d-76825
_eTS1
_i33027
_si
999 _c27944
_d27944